[Event "CHI-ch sf"]
[Site "Quilpue"]
[Date "2019.01.19"]
[Round "6"]
[White "Henriquez Acuna, Julio"]
[Black "Castillo Cortes, Roberto"]
[Result "1/2-1/2"]
[WhiteElo "2075"]
[BlackElo "1957"]
[PlyCount "130"]
[EventDate "2019.01.17"]
[EventType "swiss"]
[EventRounds "8"]
[EventCountry "CHI"]
[SourceTitle "CBM 188 Extra"]
[Source "ChessBase"]
[SourceDate "2019.02.26"]
[SourceVersion "1"]
[SourceVersionDate "2019.02.26"]
[SourceQuality "1"]

1. e4 e6 2. d4 d5 3. Nd2 Nf6 4. e5 Nfd7 5. Bd3 c5 6. c3 cxd4 7. cxd4 Nc6 8. Ne2 Qb6 9. Nf3 f6 10. exf6 Nxf6 11. 0-0 Bd6 12. Bf4 Qc7 13. Bxd6 Qxd6 14. Ng3 0-0 15. Re1 Kh8 16. Rc1 Bd7 17. Bb1 Rae8 18. Ne5 Qb4 19. Nh5 Re7 20. Nxf6 gxf6 21. Nxd7 Rxd7 22. Rxe6 Qxb2 23. Qe1 Qxd4 24. Re8 Rdf7 25. Qe6 Kg7 26. Rxf8 Kxf8 27. Qc8+ Kg7 28. Qf5 Qh4 29. Qxd5 Qg5 30. Qd1 Ne5 31. Rc3 Rd7 32. Qc2 Ng6 33. Rc7 Qd5 34. Rxd7+ Qxd7 35. h4 Kh8 36. g3 Ne5 37. Qe4 Qd1+ 38. Kg2 Qd7 39. Qb4 Kg7 40. h5 h6 41. Be4 b6 42. Ba8 Qc7 43. Qe4 Qf7 44. Qf5 Qd7 45. Qf4 Qg4 46. Qc1 Qxh5 47. Bd5 Qe8 48. Qc7+ Qd7 49. Qxd7+ Nxd7 50. Kf3 f5 51. Be6 Ne5+ 52. Kf4 Kf6 53. Bxf5 Nc4 54. Bd3 Nd6 55. Ke3 Ke5 56. f4+ Kd5 57. g4 a5 58. g5 hxg5 59. fxg5 Ke5 60. g6 Kf6 61. Kd4 Nb7 62. Kd5 Nc5 63. Bc2 Na6 64. Kc4 Nb4 65. Bd3 Nxa2 1/2-1/2

[Event "CHI-ch sf qual A"]
[Site "Quilpue"]
[Date "2019.01.05"]
[Round "2.1"]
[White "Montenegro Bravo, Manuel"]
[Black "Castillo Cortes, Roberto"]
[Result "0-1"]
[WhiteElo "1387"]
[BlackElo "1957"]
[PlyCount "58"]
[EventDate "2019.01.05"]
[EventType "swiss"]
[EventRounds "5"]
[EventCountry "CHI"]
[SourceTitle "EXT 2024"]
[Source "ChessBase"]
[SourceDate "2023.10.10"]
[SourceVersion "1"]
[SourceVersionDate "2023.10.10"]
[SourceQuality "1"]

1. e4 e6 2. Nc3 d5 3. exd5 exd5 4. d4 Bf5 5. Bd3 Bg6 6. Nf3 Nf6 7. h3 Bb4 8. Qe2+ Be7 9. 0-0 0-0 10. Bg5 Nc6 11. a3 Re8 12. Qd1 Ne4 13. Bxe7 Rxe7 14. Re1 a6 15. Ne2 Qd6 16. c3 Rae8 17. Qc2 f5 18. c4 dxc4 19. Bxc4+ Kh8 20. Rad1 Na5 21. Bd3 Bf7 22. Nd2 Nxd2 23. Rxd2 Nb3 24. Rdd1 Nxd4 25. Nxd4 Rxe1+ 26. Rxe1 Rxe1+ 27. Bf1 Qxd4 28. Qxc7 Rxf1+ 29. Kxf1 Qd1# 0-1